Rozpoznaj kierunek studiów po opisie - Statystyki

Ogólne statystyki
  • Ten quiz został rozwiązany 56 razy
  • Średni wynik to 11 z 16
Statystyki odpowiedzi
Opis Odpowiedź % Poprawnych
Studenci zdobywają wiedzę z zakresu mechanizmów i praw rządzących psychiką oraz zachowaniami człowieka. Psychologia
90%
Kierunek pozwalający na zdobycie wiedzy z zakresu najnowszych technologii m.in.: technologii internetowych, baz danych, systemów sieciowych, inżynierii oprogramowania i projektowania gier. Informatyka
84%
Studenci uczą się o istocie, celach, treściach, metodach, środkach i formach organizacji procesów wychowawczych i kształcenia. Pedagogika
84%
Kierunek ma charakter medyczny i związany jest z ochroną zdrowia oraz przywracaniem utraconej sprawności fizycznej chorego. Fizjoterapia
82%
Kierunek łączący w sobie wiedzę m.in. z zakresu zabiegów pielęgnacyjnych, upiększających, dermatologii, immunologi i chemii kosmetycznej. Kosmetologia
82%
Kierunek ten skupia się na społeczeństwie i tym, jak ono działa. Tematem zainteresowań są wszelkie relacje pomiędzy jednostkami i grupami. Socjologia
76%
Studenci uczą się o przygotowywaniu, przechowywaniu, kontroli i dystrybucji leków. Farmacja
73%
Kierunek ten skupia się na badaniu produktów żywnościowych, planowaniu, nadzorowaniu i stosowaniu racjonalnych metod żywnościowych. Dietetyka
71%
Studenci uczą się kierowania wykonawstwem wszystkich typów obiektów budowlanych, współudziału w projektowaniu obiektów użyteczności publicznej, przemysłowych i komunikacyjnych oraz organizowania produkcji elementów budowlanych i nadzoru wykonawstwa budowlanego. Budownictwo
69%
Kierunek przygotowujący do twórczej pracy projektowej, obejmującej kształtowanie przestrzeni, począwszy od małych form użytkowych, przez budynki o zróżnicowanej funkcji, zespoły urbanistyczne, aż po zagospodarowanie przestrzeni miejskich oraz terenów wiejskich. Architektura
67%
Kierunek skoncentrowany na zjawiskach i procesach politycznych oraz ich społecznych, ekonomicznych i kulturowych uwarunkowaniach. Politologia
65%
Studenci poszerzają wiedzę z zakresu językoznawstwa polskiego, literatury, kultury i sztuki. Filologia polska
63%
Studenci uczą się o wszelkich stosunkach społecznych, które kształtują się ponad granicami państw i dotyczą relacji między różnymi podmiotami życia międzynarodowego. Stosunki międzynarodowe
63%
Studenci zdobywają wiedzę teoretyczną i praktyczną służące wzmacnianiu pozycji przedsiębiorstwa na rynku. Zarządzanie
61%
Student uczy się na temat skutecznego zarządzania przepływem surowców i materiałów oraz koordynowania łańcuch dostaw tak, aby produkt został sprawnie przetransportowany od dostawcy do odbiorcy końcowego. Logistyka
59%
Student zdobywa wiedzę z zakresu prawa, finansów publicznych i zarządzania, niezbędną do skutecznego działania w strukturach administracji publicznej. Administracja
57%
Nie znaleziono quizów pasujących do podanych kryteriów
Rozkład punktacji
Procent ludzi z każdym wynikiem
Percentyl według liczby udzielonych odpowiedzi
Twoja historia wyników
Nie rozwiązałeś tego quizu